000 nam a22 7a 4500
999 _c11309
_d11309
008 170728b xxu||||| |||| 00| 0 eng d
020 _a9788122414349
040 _aBSU
_cBSU
_dBSU
082 _222
_a338.04 ENT
100 _aS.Anil Kumar and others
_921795
245 _aEntrepreneurship Development
260 _aNairobi
_bNew Age Golden (East Africa) ltd.
_c2003
300 _axii,283p.
_c24cm.
650 _2Entrepreneurship
942 _2ddc
_cBK